000 00916nam a2200289Ia 4500
003 GCL
008 140319s9999 xx 000 0 ara d
040 _aGCL /
_cGCL
082 0 4 _a301.01
_bب ع
100 1 _aبوتومور
245 1 0 _aعلم الاجتماع : منظور اجتماعى نقدى /
_cبوتومور
700 1 _aعادل مختار الهوارى
260 _a[S.N] :
_bدار المعرفة الجامعية ،
_c1985
300 _a277 ص
490 _a
650 0 4 _aالماركسية
650 0 4 _aالمجتمع
650 0 4 _aالرأسمالية
650 0 4 _aالاشتراكية
650 0 4 _aالاجتماع
650 0 4 _aالتغير الاجتماعى
650 0 4 _aالتطور الاجتماعى
650 0 4 _aالبناء الاجتماعى
650 0 4 _aالنظم الاجتماعية
650 0 4 _aالحركات الاجتماعية
942 _2ddc
_cBK
999 _c55558
_d55558